| 000 | 00616nam a2200241Ia 4500 | ||
|---|---|---|---|
| 003 | OSt | ||
| 005 | 20221007102001.0 | ||
| 006 | a|||||r|||| 00| 0 | ||
| 007 | ta | ||
| 008 | 221006b |||||||| |||| 00| 0 eng d | ||
| 024 | _a9,071 | ||
| 037 | _cTextual | ||
| 040 |
_aLCO _cLCO _beng |
||
| 041 |
_2eng _aeng |
||
| 082 | _aZv5z.e, K0 | ||
| 100 | _aJONES A H M | ||
| 245 | 0 | _aStudies in Roman Government & Law | |
| 260 |
_aLondon _bOxford Basil Blackwell _c1960 |
||
| 300 | _a243 | ||
| 650 |
_aROMAN LAW _9691122 |
||
| 942 |
_hZv5z.e, K0 _cTEXL |
||
| 999 |
_c1178634 _d1178634 |
||